000
00414nam a2200181Ia 4500
008
100917s9999 xx 000 0 und d
082
_b
46750
100
_a
Antonia Fraser
245
_a
Robin Hood
260
_b
Dragon
_c
1955
300
_a
187
365
_b
0
520
_a
बालविभाग
630
_a
Robin Hood
650
_a
बालविभाग
730
_a
Robin Hood
942
_c
BOOK
999
_c
652144
_d
652141